000 00765cab a2200229 4500
001 WB3313-28
008 090401t1997 xxu||||| |||| 00| 0 eng d
035 _a(Sirsi) u77435
041 _aeng
245 _aTrue cost of FBTs
260 _c1997
350 _a0
490 _aFarming News
_v21 March 1997, 27(1)
520 _aFarm business tenancy rents for agreements of more than a year are 68% higher than Agricultural Holdings Act rents, according to MAFF`s first annual survey of tenanted land.
650 _aPROPERTY-LANDLORD AND TENANT-TENANCIES-AGRICULTURAL TENANCIES
650 _aFARM BUSINESS TENANCIES
650 _aFARM RENTS
650 _aMAFF
690 _aLANDLORD AND TENANT-AGRICULTURAL TENANCIES
942 _n0
948 _c26/03/1997
999 _c48689
_d48689